[Event "Wasselonne op"]
[Site "Wasselonne"]
[Date "2022.08.04"]
[Round "2"]
[White "Paternoster, Thibaud"]
[Black "Bellahcene, Bilel"]
[Result "0-1"]
[WhiteElo "2032"]
[BlackElo "2516"]
[PlyCount "94"]
[EventDate "2022.08.04"]
[EventType "swiss"]
[EventRounds "7"]
[EventCountry "FRA"]
[SourceTitle "CBM 209 Extra"]
[Source "ChessBase"]
[SourceDate "2022.09.30"]
[SourceVersion "1"]
[SourceVersionDate "2022.09.30"]
[SourceQuality "1"]

1. e4 c5 2. Nf3 Nc6 3. c3 e5 4. Bb5 Nf6 5. 0-0 d6 6. Re1 Bd7 7. d4 Be7 8. dxc5 dxc5 9. Qc2 a6 10. Bf1 h6 11. a4 0-0 12. Na3 Qc7 13. Nc4 Be6 14. Ne3 Na5 15. c4 Nc6 16. Nd5 Qd8 17. h3 Nd7 18. Bd2 Bd6 19. Rad1 Rc8 20. Qb1 Bc7 21. Bc3 Ba5 22. Qc1 Re8 23. b3 Nd4 24. Nxd4 cxd4 25. Bd2 Bxd2 26. Qxd2 a5 27. b4 axb4 28. Qxb4 Nc5 29. Rb1 Qd6 30. g4 Rc6 31. Qd2 Ra8 32. a5 Qd8 33. Rb5 Kh8 34. Qb4 Qd6 35. Nb6 Rd8 36. Na4 Nxa4 37. Qxa4 Rc7 38. Bd3 Bd7 39. Rd1 h5 40. Qa2 hxg4 41. Rd5 Qf6 42. hxg4 Bxg4 43. Rxd8+ Qxd8 44. f3 Bxf3 45. Qh2+ Kg8 46. Rd2 Qg5+ 47. Kf1 Rc6 0-1

[Event "Nancy Rapid 19th"]
[Site "Nancy"]
[Date "2021.10.24"]
[Round "9"]
[White "Daeschler, Florian"]
[Black "Paternoster, Thibaud"]
[Result "0-1"]
[WhiteElo "2273"]
[BlackElo "2005"]
[PlyCount "115"]
[EventDate "2021.10.24"]
[EventType "swiss (rapid)"]
[EventRounds "9"]
[EventCountry "FRA"]
[SourceTitle "CBM 204 Extra"]
[Source "ChessBase"]
[SourceDate "2021.11.30"]
[SourceVersion "1"]
[SourceVersionDate "2021.11.30"]
[SourceQuality "1"]

1. d4 d5 2. c4 e6 3. g3 Nf6 4. Bg2 Be7 5. Nf3 0-0 6. 0-0 b6 7. cxd5 exd5 8. Nc3 Bb7 9. Ne5 Nbd7 10. Nc4 Ne4 11. Nxe4 dxe4 12. Bf4 Nf6 13. Rc1 c5 14. dxc5 Bxc5 15. Qa4 Qe7 16. Be3 Rfd8 17. Bxc5 Qxc5 18. Ne3 Qe5 19. Rc2 Rd4 20. Qb3 Rad8 21. Rfc1 R8d7 22. Bh3 Rd8 23. Rc7 Bd5 24. Nxd5 Nxd5 25. Rd7 Rf8 26. Rxa7 Rb4 27. Qa3 Qxb2 28. Qxb2 Rxb2 29. Kf1 g6 30. Bd7 Rd8 31. a4 Rb4 32. Bb5 Rd6 33. Rb7 h5 34. h4 Kg7 35. Kg1 Rd4 36. Rc6 Rxc6 37. Bxc6 Nc3 38. e3 Rd6 39. Be8 Rf6 40. Kf1 Kf8 41. Bd7 Nd1 42. Ke2 Nxf2 43. Bc8 Nd3 44. Rb8 Kg7 45. Bb7 Nc5 46. Bd5 Nxa4 47. Bxe4 b5 48. Kd2 Rd6+ 49. Kc2 Re6 50. Bd5 Rxe3 51. Rb7 Re2+ 52. Kc1 Rf2 53. Rxb5 Nc3 54. Rc5 Nxd5 55. Rxd5 Rf3 56. Kd2 Rxg3 57. Ke2 Rg4 58. Rc5 0-1

[Event "Nancy Meurthe blitz 18th"]
[Site "Nancy"]
[Date "2020.02.15"]
[Round "2"]
[White "Bellahcene, Bilel"]
[Black "Paternoster, Thibaud"]
[Result "1-0"]
[WhiteElo "2510"]
[BlackElo "2000"]
[PlyCount "97"]
[EventDate "2020.02.15"]
[EventType "swiss (blitz)"]
[EventRounds "11"]
[EventCountry "FRA"]
[SourceTitle "CBM 194 Extra"]
[Source "ChessBase"]
[SourceDate "2020.03.31"]
[SourceVersion "1"]
[SourceVersionDate "2020.03.31"]
[SourceQuality "1"]

1. d4 Nf6 2. Nf3 d5 3. c4 e6 4. g3 Be7 5. Bg2 0-0 6. 0-0 Nbd7 7. Qc2 c5 8. dxc5 Nxc5 9. Rd1 Bd7 10. Nc3 dxc4 11. Ne5 Qc8 12. Be3 Rd8 13. Rac1 Be8 14. Rxd8 Qxd8 15. Nxc4 Rc8 16. Rd1 Bd7 17. Ne5 Qe8 18. Nxd7 Nfxd7 19. h4 b6 20. Nb5 a6 21. Nd6 Bxd6 22. Rxd6 Ne5 23. Bxc5 Rxc5 24. Qd1 Rc8 25. Rxb6 Nc4 26. Rb3 g6 27. Qc1 Ne5 28. Rc3 Rb8 29. b3 Rd8 30. Rc5 Nd7 31. Rc7 Nb6 32. a4 Rb8 33. Qc6 Qxc6 34. Bxc6 Nd5 35. Bxd5 exd5 36. Rc3 Rb4 37. Kf1 Kf8 38. Ke1 Ke7 39. Kd2 Kd6 40. Kc2 Rb7 41. e3 Re7 42. Rc8 h5 43. Kd3 Rb7 44. Kc3 Kd7 45. Rc5 Kd6 46. b4 Re7 47. Ra5 Rc7+ 48. Kd3 Ra7 49. b5 1-0

[Event "Vaujany op-A 10th"]
[Site "Vaujany"]
[Date "2019.07.18"]
[Round "8"]
[White "Paternoster, Thibaud"]
[Black "Najart, David"]
[Result "1-0"]
[WhiteElo "1909"]
[BlackElo "2280"]
[PlyCount "69"]
[EventDate "2019.07.11"]
[EventType "swiss"]
[EventRounds "9"]
[EventCountry "FRA"]
[SourceTitle "EXT 2025"]
[Source "ChessBase"]
[SourceDate "2024.10.14"]
[SourceVersion "1"]
[SourceVersionDate "2024.10.14"]
[SourceQuality "1"]

1. e4 c5 2. Nf3 d6 3. d4 cxd4 4. Qxd4 a6 5. c4 Nc6 6. Qe3 g6 7. h3 Bg7 8. Be2 Nf6 9. 0-0 0-0 10. Nc3 Nd7 11. Rb1 a5 12. b3 Nc5 13. Bb2 f5 14. exf5 Bxf5 15. Rbd1 Qd7 16. g4 Be6 17. Ng5 h6 18. Na4 Nxa4 19. Bxg7 hxg5 20. Bxf8 Rxf8 21. bxa4 Rf4 22. Rfe1 Bf7 23. c5 d5 24. Bb5 d4 25. Qe2 Kf8 26. Bxc6 bxc6 27. Qe5 Qd5 28. Qh8+ Bg8 29. Rb1 Qd8 30. Qe5 Qd7 31. Rb8+ Kf7 32. Qh8 Rxg4+ 33. hxg4 Qxg4+ 34. Kf1 Qh3+ 35. Qxh3 1-0

[Event "FRA-ch U14"]
[Site "Nimes"]
[Date "2012.04.20"]
[Round "8"]
[White "Paternoster, Thibaud"]
[Black "Rodriguez, Adrien"]
[Result "1/2-1/2"]
[WhiteElo "1668"]
[BlackElo "1951"]
[PlyCount "46"]
[EventDate "2012.04.14"]
[EventType "swiss"]
[EventRounds "9"]
[EventCountry "FRA"]
[SourceTitle "CBM 148 Extra"]
[Source "ChessBase"]
[SourceDate "2012.06.22"]
[SourceVersion "1"]
[SourceVersionDate "2012.06.22"]
[SourceQuality "1"]

1. e4 c5 2. Nf3 d6 3. d4 cxd4 4. Qxd4 Nc6 5. Bb5 e5 6. Qd3 Nf6 7. Bg5 Be7 8. Nc3 a6 9. Bxc6+ bxc6 10. 0-0 0-0 11. Rad1 Be6 12. Bxf6 gxf6 13. Nd2 Qb6 14. b3 Rad8 15. Nc4 Qa7 16. Qf3 Kh8 17. Nxd6 Rxd6 18. Rxd6 Bxd6 19. Qxf6+ Kg8 20. Qg5+ Kh8 21. Qf6+ Kg8 22. Qg5+ Kh8 23. Qf6+ Kg8 1/2-1/2

[Event "FRA-chT U20 1112"]
[Site "France"]
[Date "2011.12.18"]
[Round "6"]
[White "Pigeat, Alexandre"]
[Black "Paternoster, Thibaud"]
[Result "1-0"]
[WhiteElo "1790"]
[BlackElo "1668"]
[PlyCount "79"]
[EventDate "2011.12.03"]
[EventType "team-swiss"]
[EventRounds "7"]
[EventCountry "FRA"]
[SourceTitle "EXT 2013"]
[Source "ChessBase"]
[SourceDate "2012.11.22"]
[SourceVersion "1"]
[SourceVersionDate "2012.11.22"]
[SourceQuality "1"]

1. e4 c5 2. Nf3 g6 3. d4 cxd4 4. Nxd4 Nc6 5. Be3 Nf6 6. Nc3 Bg7 7. Qd2 0-0 8. f3 d5 9. 0-0-0 Qa5 10. Nb3 Qd8 11. exd5 Ne5 12. Be2 Bd7 13. Nc5 b6 14. Nxd7 Nfxd7 15. f4 Rc8 16. fxe5 Nxe5 17. Bd4 Qd6 18. Ba6 Rcd8 19. Rhe1 f5 20. Qe2 Nf7 21. Bxg7 Kxg7 22. g3 b5 23. Bxb5 a6 24. Bc4 Rc8 25. Bb3 Rc7 26. Qe6 Qb4 27. a3 Qa5 28. Rd3 Rd8 29. Kb1 Rd6 30. Qe3 Rb7 31. Qd4+ Kg8 32. Qa4 Qc7 33. Qe8+ Kg7 34. Rde3 Rd7 35. Ba4 Qb6 36. b3 Rdc7 37. Rxe7 Rxe7 38. Rxe7 Rxe7 39. Qxe7 Qd4 40. Kb2 1-0

[Event "FRA-chT U20 1112"]
[Site "France"]
[Date "2011.12.04"]
[Round "2"]
[White "Rodriguez, Adrien"]
[Black "Paternoster, Thibaud"]
[Result "1-0"]
[WhiteElo "1959"]
[BlackElo "1668"]
[PlyCount "78"]
[EventDate "2011.12.03"]
[EventType "team-swiss"]
[EventRounds "7"]
[EventCountry "FRA"]
[SourceTitle "EXT 2013"]
[Source "ChessBase"]
[SourceDate "2012.11.22"]
[SourceVersion "1"]
[SourceVersionDate "2012.11.22"]
[SourceQuality "1"]

1. d4 d5 2. Nf3 Nc6 3. c4 e5 4. dxe5 d4 5. Bg5 Be7 6. Bxe7 Ngxe7 7. Nbd2 Ng6 8. Nb3 0-0 9. Nbxd4 Ncxe5 10. Nxe5 Nxe5 11. e3 Qe7 12. Qb3 c5 13. Nb5 Bg4 14. Nc3 Rad8 15. Nd5 Qg5 16. e4 Rfe8 17. Qd3 Qg6 18. f3 Be6 19. 0-0-0 Bxd5 20. cxd5 Qb6 21. Be2 Qa5 22. Kb1 f6 23. Rc1 Rc8 24. Rhd1 Red8 25. f4 Nf7 26. Bg4 Rc7 27. e5 fxe5 28. fxe5 Re8 29. Be6 Rce7 30. Rf1 Rxe6 31. dxe6 Rxe6 32. Rxc5 Qd8 33. Qc3 Rc6 34. Rxc6 bxc6 35. Qf3 Qe7 36. e6 Nd8 37. Qb3 h6 38. Rd1 Qxe6 39. Rxd8+ Kh7 1-0

[Event "FRA-chT U20 1112"]
[Site "France"]
[Date "2011.12.03"]
[Round "1"]
[White "Veys, Vincent"]
[Black "Paternoster, Thibaud"]
[Result "1-0"]
[WhiteElo "1919"]
[BlackElo "1668"]
[PlyCount "176"]
[EventDate "2011.12.03"]
[EventType "team-swiss"]
[EventRounds "7"]
[EventCountry "FRA"]
[SourceTitle "EXT 2013"]
[Source "ChessBase"]
[SourceDate "2012.11.22"]
[SourceVersion "1"]
[SourceVersionDate "2012.11.22"]
[SourceQuality "1"]

1. e4 c5 2. Nf3 g6 3. d4 cxd4 4. Qxd4 Nf6 5. Nc3 Nc6 6. Qa4 d6 7. Bb5 Bd7 8. Nd5 Bg7 9. Bg5 a6 10. Bxc6 Bxc6 11. Qd4 Bxd5 12. exd5 Qa5+ 13. c3 Qxd5 14. Qxd5 Nxd5 15. 0-0-0 e6 16. Rhe1 Kd7 17. Nd2 Rac8 18. Kb1 Bxc3 19. bxc3 Nxc3+ 20. Kb2 Nxd1+ 21. Rxd1 f5 22. Nf3 Rc5 23. Bf4 Rd5 24. Rxd5 exd5 25. Nd4 Re8 26. Be3 Re4 27. g3 Ke7 28. Kc3 Kf6 29. h4 Re8 30. Bg5+ Kf7 31. Be3 Kf6 32. Kb3 Rc8 33. Nc2 Ke5 34. Bf4+ Ke4 35. Ne1 d4 36. f3+ Kd5 37. Bd2 Re8 38. Nd3 b5 39. Nb4+ Kc5 40. Nd3+ Kb6 41. Nc1 a5 42. a3 a4+ 43. Kc2 Kc5 44. Kd3 Rc8 45. Ne2 Kd5 46. Nxd4 Rb8 47. Bb4 Rb7 48. Ne2 Rb8 49. Nf4+ Kc6 50. Ng2 Re8 51. Nf4 Rb8 52. Ne2 Rb7 53. Nc3 Rb8 54. Na2 Re8 55. Bd2 Re5 56. Nb4+ Kc7 57. Be3 Kd7 58. Kd4 Rc5 59. Kd3 Re5 60. Bf2 Kc7 61. Nc2 Re8 62. Nd4 Re5 63. Nc2 Kc6 64. Nb4+ Kb7 65. Be3 Kc7 66. Kd4 Rc5 67. Na6+ Kc6 68. Nxc5 dxc5+ 69. Kc3 Kd6 70. Bd2 Ke6 71. Kd3 Kd5 72. Bc3 Kd6 73. g4 fxg4 74. fxg4 Kd5 75. Be1 Ke5 76. Bd2 Kd5 77. Bc3 h6 78. Be1 Ke5 79. Bd2 b4 80. axb4 cxb4 81. Bxh6 b3 82. Kc3 Ke4 83. Kb2 Kf3 84. h5 gxh5 85. g5 h4 86. g6 h3 87. g7 h2 88. g8Q h1Q 1-0

[Event "FRA-chT U20 0809"]
[Site "Sautron"]
[Date "2009.01.02"]
[Round "4.10"]
[White "Paternoster, Thibaud"]
[Black "Retailleau, Elise"]
[Result "0-1"]
[WhiteElo "1060"]
[BlackElo "1220"]
[PlyCount "82"]
[EventDate "2008.10.??"]
[EventType "team-tourn"]
[EventRounds "11"]
[EventCountry "FRA"]
[SourceTitle "EXT 2010"]
[Source "ChessBase"]
[SourceDate "2010.11.25"]
[SourceVersion "1"]
[SourceVersionDate "2010.11.25"]
[SourceQuality "1"]

1. e4 e5 2. Nc3 Nf6 3. f4 d6 4. Nf3 Nc6 5. Bb5 Bd7 6. 0-0 g6 7. Nd5 Bg7 8. d3 0-0 9. Be3 Be6 10. Nxf6+ Qxf6 11. Nd2 a6 12. Bxc6 bxc6 13. Nc4 Qh4 14. Qe1 Qe7 15. Rf3 Rab8 16. b3 d5 17. exd5 cxd5 18. Na5 Bg4 19. Rg3 exf4 20. Rxg4 Bxa1 21. Nc6 Qe6 22. Rxf4 Qxc6 23. Qxa1 Qxc2 24. Qe5 Qxd3 25. Bd4 f6 26. Rxf6 Rxf6 27. Qxf6 Qd1+ 28. Kf2 Rf8 29. Qxf8+ Kxf8 30. Bc5+ Kf7 31. h3 Qc2+ 32. Kf3 Qxc5 33. g4 d4 34. h4 Qe5 35. h5 gxh5 36. gxh5 d3 37. h6 d2 38. a4 d1Q+ 39. Kg2 Qf5 40. b4 Qdg4+ 41. Kh2 Qfh5# 0-1